Normal view
MARC view
- Electronic journals.
Entry Genre/Form Term
001 - CONTROL NUMBER
- control field: 13048
003 - CONTROL NUMBER IDENTIFIER
- control field: NUST
005 - DATE AND TIME OF LATEST TRANSACTION
- control field: 20190114055550.0
008 - FIXED-LENGTH DATA ELEMENTS
- fixed length control field: 190114|| aca||aabn | a|a d
040 ## - CATALOGING SOURCE
- Original cataloging agency: NUST
- Transcribing agency: NUST
155 ## - HEADING--GENRE/FORM TERM
- Genre/form term: Electronic journals.
670 ## - SOURCE DATA FOUND
- Source citation: Work cat.: (NUST)0: Academy of Management. 13045, The Academy of Management review.
